Basic Research Methods: (Record no. 206154)
[ view plain ]
| 000 -LEADER | |
|---|---|
| fixed length control field | 00721nam a2200229Ia 4500 |
| 005 - DATE AND TIME OF LATEST TRANSACTION | |
| control field | 20220113180111.0 |
| 008 - FIXED-LENGTH DATA ELEMENTS--GENERAL INFORMATION | |
| fixed length control field | 210716s2010 xx 000 0 und d |
| 020 ## - INTERNATIONAL STANDARD BOOK NUMBER | |
| International Standard Book Number | 9788132104575 |
| 040 ## - CATALOGING SOURCE | |
| Transcribing agency | AIMIT LIBRARY |
| 041 ## - LANGUAGE CODE | |
| Language code of text/sound track or separate title | eng |
| 082 ## - DEWEY DECIMAL CLASSIFICATION NUMBER | |
| Classification number | 001.42 |
| Edition number | 1 |
| Item number | GUTG |
| 100 ## - MAIN ENTRY--PERSONAL NAME | |
| Personal name | Guthrie, Gerard. |
| 9 (RLIN) | 13111 |
| 245 ## - TITLE STATEMENT | |
| Title | Basic Research Methods: |
| Remainder of title | Entry to Science Research / |
| Statement of responsibility, etc. | by Gerard Guthrie. |
| 250 ## - EDITION STATEMENT | |
| Edition statement | 1st. ed . - |
| 260 ## - PUBLICATION, DISTRIBUTION, ETC. | |
| Place of publication, distribution, etc. | New Delhi: |
| Name of publisher, distributor, etc. | Sage Publications, |
| Date of publication, distribution, etc. | 2010. |
| 300 ## - PHYSICAL DESCRIPTION | |
| Extent | xviii,221p. ; 23.5 cm. |
| 650 ## - SUBJECT ADDED ENTRY--TOPICAL TERM | |
| Topical term or geographic name entry element | Basic Research Methods. |
| 9 (RLIN) | 13112 |
| 650 ## - SUBJECT ADDED ENTRY--TOPICAL TERM | |
| Topical term or geographic name entry element | Social Science Research. |
| 9 (RLIN) | 13113 |
| 650 ## - SUBJECT ADDED ENTRY--TOPICAL TERM | |
| Topical term or geographic name entry element | Qualitative Data. |
| 9 (RLIN) | 13114 |
| 650 ## - SUBJECT ADDED ENTRY--TOPICAL TERM | |
| Topical term or geographic name entry element | Data Collection. |
| 9 (RLIN) | 13115 |
| 942 ## - ADDED ENTRY ELEMENTS (KOHA) | |
| Source of classification or shelving scheme | Dewey Decimal Classification |
| Koha item type | Book |
| Edition | 1st |
| Call number prefix | 001.42 GUTC |
| Withdrawn status | Lost status | Damaged status | Not for loan | Collection code | Home library | Current library | Date acquired | Cost, normal purchase price | Total Checkouts | Full call number | Barcode | Date last seen | Cost, replacement price | Price effective from | Koha item type | Source of classification or shelving scheme |
|---|---|---|---|---|---|---|---|---|---|---|---|---|---|---|---|---|
| MBA | St Aloysius Institute of Management & Information Technology | St Aloysius Institute of Management & Information Technology | 02/03/2011 | 395.00 | 001.42 GUTG | MBA08718 | 05/23/2026 | 296.25 | 07/16/2021 | Book | ||||||
| MBA | St Aloysius Institute of Management & Information Technology | St Aloysius Institute of Management & Information Technology | 02/03/2011 | 395.00 | 001.42 GUTG | MBA08719 | 05/23/2026 | 296.25 | 07/16/2021 | Book | ||||||
| Reference Book | MBA | St Aloysius Institute of Management & Information Technology | St Aloysius Institute of Management & Information Technology | 02/03/2011 | 395.00 | 001.42 GUTG | MBA08720 | 07/21/2025 | 296.25 | 07/16/2021 | Book | Dewey Decimal Classification |